The State of food insecurity in the world : the multiple dimensions of food security.
| Format: | Book |
|---|---|
| Published: |
Rome:
Food and Agriculture Organization of the United Nations (FAO),
20013.
|
| Subjects: |
| LEADER | 00469cam a2200133 7i4500 | ||
|---|---|---|---|
| 001 | 0000030869 | ||
| 005 | 20140219090000.0 | ||
| 020 | 0 | 0 | |a 9789251079164 |
| 090 | 0 | 0 | |a I 641.3 |b STA |
| 245 | 0 | 4 | |a The State of food insecurity in the world : |b the multiple dimensions of food security. |
| 260 | 0 | 0 | |a Rome: |b Food and Agriculture Organization of the United Nations (FAO), |c 20013. |
| 300 | # | # | |a 53 p. |
| 650 | 0 | 0 | |a Food security |
| 999 | |a 0000033815 |b Book |c International |e Business Information Centre | ||


